000 01301nam a2200361 i 4500
001 991009919439706706
003 ES-BaIT
005 20260416103702.0
008 090922s1968 sp 000 d spa|c
017 _aDL M. 23489-1968
035 _a(ES-BaCBU).b42384291
035 _a(OCoLC)804241165
040 _aES-BaCBU
_bcat
_erda
_cES-BaCBU
080 _a860-2"18"
100 1 _aBretón de los Herreros, Manuel,
_d1796-1873
_eautor
_99797
245 1 0 _aMarcela, ó, ¿A cuál de los tres? /
_cManuel Breton de los Herreros ; edición e introducción de José Hesse
246 3 2 _a¿A cuál de los tres?
264 1 _aMadrid :
_bTaurus,
_c1968
300 _a155 pàgines ;
_c18 cm
336 _atext
_btxt
_2rdacontent
337 _asense mediació
_bn
_2rdamedia
338 _avolum
_bnc
_2rdacarrier
490 1 _aTemas de España ;
_v74
500 _a A la pàgina 32: Comedia en tres actos, representada por primera vez en el Teatro del Príncipe el dia 30 de diciembre de 1831
500 _aP6: D2, H4
504 _aBibliografia, pàgina 30
700 1 _aHesse, José
_eeditor literari,
_eescriptor d'una introducció
_925361
830 0 _aTemas de España
_v74
_958235
908 _aUB
_aBC
_aUAB
_aCDMAE
940 _aUB
_dCDMAE
942 _2udc
_c1
949 _61000317801
_a3.178-N
999 _c137381
_d137381